Mathematics : (Record no. 16570)

000 -LEADER
fixed length control field 01165nam a2200337Ia 4500
020 ## - INTERNATIONAL STANDARD BOOK NUMBER
ISBN 0028240669 (teacher's wraparound ed.)
020 ## - INTERNATIONAL STANDARD BOOK NUMBER
ISBN 0028240871 (transparency sampler)
020 ## - INTERNATIONAL STANDARD BOOK NUMBER
ISBN 0028240774 (practice masters)
020 ## - INTERNATIONAL STANDARD BOOK NUMBER
ISBN 0028240812 (multicultural activity masters)
020 ## - INTERNATIONAL STANDARD BOOK NUMBER
ISBN 0028240995 (application and interdisciplinary activity masters)
020 ## - INTERNATIONAL STANDARD BOOK NUMBER
ISBN 0028240766 (study guide masters)
020 ## - INTERNATIONAL STANDARD BOOK NUMBER
ISBN 0028240782 (enrichment masters)
020 ## - INTERNATIONAL STANDARD BOOK NUMBER
ISBN 0028240790 (evaluation masters)
020 ## - INTERNATIONAL STANDARD BOOK NUMBER
ISBN 0028240820 (lab manual)
020 ## - INTERNATIONAL STANDARD BOOK NUMBER
ISBN 0028240839 (lesson plans)
020 ## - INTERNATIONAL STANDARD BOOK NUMBER
ISBN 0028241002 (alt. assessment)
020 ## - INTERNATIONAL STANDARD BOOK NUMBER
ISBN 0028240715 (comp. learning)
020 ## - INTERNATIONAL STANDARD BOOK NUMBER
ISBN 0028240707 (solutions manual)
020 ## - INTERNATIONAL STANDARD BOOK NUMBER
ISBN 0028240804 (technology masters)
020 ## - INTERNATIONAL STANDARD BOOK NUMBER
ISBN 0028240480 (teacher's guide software resources)
040 ## - CATALOGING SOURCE
Transcribing agency CSU
082 ## - DEWEY DECIMAL CLASSIFICATION NUMBER
Classification number 513 GLE 1993 A084 Or.
245 00 - TITLE STATEMENT
Title Mathematics :
Remainder of title applications and connections.
260 ## - PUBLICATION, DISTRIBUTION, ETC. (IMPRINT)
Place of publication Lake Forest, Ill. :
Name of publisher Glencoe,
Year of publication c1993
300 ## - PHYSICAL DESCRIPTION
Number of Pages 15 v. :
Other physical details ill. ;
Dimensions 28 cm
650 #0 - SUBJECT ADDED ENTRY--TOPICAL TERM
Topical Term Mathematics
650 #4 - SUBJECT ADDED ENTRY--TOPICAL TERM
Topical Term Curmats
700 1# - ADDED ENTRY--PERSONAL NAME
Personal name Balch, Kay
710 2# - ADDED ENTRY--CORPORATE NAME
Corporate name or jurisdiction name as entry element Glencoe/McGraw-Hill
942 ## - ADDED ENTRY ELEMENTS (KOHA)
Koha item type សៀវភៅភាសាអង់គ្លេស
952 ## - LOCATION AND ITEM INFORMATION (KOHA)
Withdrawn status [LOCAL, KOHA] 0
Holdings
Permanent Location Date acquired Koha item type Lost status Shelving location Barcode Current Location Full call number
Library Block A2018-03-07សៀវភៅភាសាអង់គ្លេស A084A16947Library Block A513 GLE 1993 A084 Or.
មជ្ឈមណ្ឌលឯការនៃសាកលវិទ្យាល័យភូមិន្ទកសិកម្មចំការដូង

Powered by Koha